| 000 | 00467nam a2200193Ia 4500 | ||
|---|---|---|---|
| 008 | 220531s9999 xx 000 0 und d | ||
| 041 | _aeng | ||
| 082 | _bCHA | ||
| 100 |
_aChaudhary, P. C. _959304 |
||
| 245 | _aElements Of Company Law | ||
| 250 | _a1ST | ||
| 260 |
_aPune _bNirali _c2014 |
||
| 300 | _a10.3 | ||
| 542 | _d03-07-2014 | ||
| 551 |
_aCommerce _bNon-grant--C |
||
| 650 |
_acommerce _959305 |
||
| 906 |
_d2014-2015 _f385 |
||
| 999 |
_c33937 _d33937 |
||